LEADER 01234nam a2200277 i 4500 001 000000147863 003 CaOOAMICUS 005 20060215000000.0 008 060215s1993 it u000 u ita u 013 $a125164 020 $a88-16-40333-0 040 $aSeMil$bita 100 1 $aCattaneo, Cesare.$0(OLS)http://semarc/name/58612 245 10$aGiovanni e Giuseppe :$bdialoghi di architettura /$cCesare Cattaneo ; a cura di Ornella Selvafolta. 260 $aMilano :$bJaca Book,$c1993. 300 $a251 p., [17] p. di tav. ;$c23 cm. 490 0 $aDi fronte e attraverso ;$v333. Saggi di architettura 650 4$aArchitettura - Teorie.$0(OLS)http://semarc/subject/19326 700 1 $aSelvafolta, Ornella.$0(OLS)http://semarc/name/56858 830 0$aDi fronte e attraverso ;$v333. Saggi di architettura.$0(OLS)http://semarc/title/6486 850 $aSeMil 852 $aSeMil$W1$xVenegono$y1$m5X VI 82$j100399$B100399$CSeMilBibl$Z2$F109272 $81 961 $aRecupero: Seminario di Seveso 996 $6020$a88-16-40333-0$9(OLS)http://semarc/number/136705 996 $6245$aGiovanni e Giuseppe :$bdialoghi di architettura$9(OLS)http://semarc/title/216226 996 $6260$aMilano :$bJaca Book$9(OLS)http://semarc/publisher/29781 LEADER 01344nam a2200277 i 4500 001 000000030085 003 CaOOAMICUS 005 20180830125448.0 008 180830s1896 fr u000 u und u 040 $aSeMil$bita 100 1 $aVigouroux, Fulcran,$c.$0(OLS)http://semarc/name/575 245 13$aLa Bible et les découvertes modernes en Palestine, en Egypte et en Assyrie /$cpar F. Vigouroux ; avec cartes, plans et illustrations d'après les monuments par M. l'abbé Douillard ; précédé d'un Bref de sa Sainteté le Pape Peon 13. 250 $a6e éd. rev. et augmentée. 260 $aParis :$bBerche et Tralin,$c1896. 300 $a4 v. (XVI, 578, 612, 646, 716 p.) :$bill. ;$c19 cm. 650 4$aPalestina - Storia - Antichità.$0(OLS)http://semarc/subject/4807 650 4$aStoria antica - Studi.$0(OLS)http://semarc/subject/4146 700 0 $aLeo XIII,$c.$0(OLS)http://semarc/name/553 774 0 $tTome 1.$g1$w()230781 774 0 $tTome 4.$g4$w()230784 774 0 $tTome 2.$g2$w()230785 774 0 $tTome 3.$g3$w()230786 900 0 $aLeone XIII$c. 996 $6245$aLa Bible et les découvertes modernes en Palestine, en Egypte et en Assyrie$9(OLS)http://semarc/title/40941 996 $6260$aParis :$bBerche et Tralin$9(OLS)http://semarc/publisher/38367